000 00356nam a22001337a 4500
020 _a9781352012934
082 _a346.4206
_bLUT
100 _aLuther, Peter
245 _aCore Statutes on Property Law 2021-2022 /
_cPeter Luther & Alan Moran
260 _aLondon:
_bRed Globe Press,
_c2021.
300 _a356 p.
563 _aPB.
942 _2ddc
_cBK
999 _c613788
_d613788